|
|
|
|
| LEADER |
00964nam a2200253 a 4500 |
| 001 |
16041473 |
| 008 |
120109s2011 mauab b 001 0 eng d |
| 010 |
|
|
|a 2009052461
|
| 020 |
|
|
|a 9780136091820
|
| 020 |
|
|
|a 0136091822
|
| 040 |
|
|
|a DLC
|c DLC
|d YDX
|d YDXCP
|d DLC
|d BD-DhAAL
|
| 082 |
0 |
0 |
|a 004
|2 22
|
| 100 |
1 |
|
|a Snyder, Lawrence.
|
| 245 |
1 |
0 |
|a Fluency with information technology :
|b skills, concepts & capabilities /
|c Lawrence Snyder.
|
| 250 |
|
|
|a 4th ed.
|
| 260 |
|
|
|a Boston :
|b Addison-Wesley,
|c c2011.
|
| 300 |
|
|
|a xviii, 795 p. :
|b ill. (chiefly col.), col. map ;
|c 26 cm.
|
| 504 |
|
|
|a Includes bibliographical references and index.
|
| 541 |
1 |
|
|e 00024169
|
| 650 |
|
0 |
|a Information technology.
|
| 650 |
|
0 |
|a Computer literacy.
|
| 852 |
1 |
|
|a Ayesha Abed Library
|j General shelf
|
| 999 |
|
|
|c 11745
|d 11745
|
| 952 |
|
|
|0 0
|1 0
|4 0
|6 004_SNY
|7 0
|9 19100
|a BRACUL
|b BRACUL
|c GEN
|d 2012-01-09
|e Trim Education
|g 7850.00
|l 1
|m 6
|o 004 SNY
|p 3010024169
|r 2018-05-03
|s 2018-03-14
|t 1
|w 2012-01-09
|y BK
|